Missing Word: Country Names Quiz Stats

 Plays Quiz Updated Mar 3, 2016

Also try: 'M' Countries
Challenge
Share
Tweet
Embed
Score 0/27 Timer 03:00
2 Plays Today
Hint Answer % Correct
United _____ of AmericaStates
96.8%
United Kingdom of Great Britain and _____ IrelandNorthern
81.5%
_____ Republic of the CongoDemocratic
79.6%
United Arab _____Emirates
79.5%
_____ and HerzegovinaBosnia
78%
Republic of El _____Salvador
77.2%
_____ of ChadRepublic
74.9%
_____ Republic of ChinaPeople's
74.1%
State of the Vatican _____City
74.1%
_____ African RepublicCentral
73.7%
Republic of ____ VerdeCabo
60.4%
Democratic Republic of _____-LesteTimor
52%
Russian _____Federation
48.1%
_____ of CambodiaKingdom
46.3%
Hint Answer % Correct
Syrian _____ RepublicArab
35.7%
_____ Republic of IranIslamic
31.4%
_____ Republic of GermanyFederal
22.3%
Sultanate of _____Oman
20.3%
Grand Duchy of _____Luxembourg
19.2%
Hashemite Kingdom of _____Jordan
17.7%
_____ of LiechtensteinPrincipality
13.6%
_____ Republic of VietnamSocialist
12.6%
Republic of the _____ of MyanmarUnion
10.3%
United _____ StatesMexican
8.7%
_____ Republic of UruguayOriental
7.3%
_____ of The BahamasCommonwealth
6.5%
_____ ConfederationSwiss
4.6%

Today's Daily Dose

You're not logged in!

Compare scores with friends on all Sporcle quizzes.
OR
Log In

You Might Also Like...

Show Comments

Extras

Top Quizzes Today


Score Distribution

Your Account Isn't Verified!

In order to create a playlist on Sporcle, you need to verify the email address you used during registration. Go to your Sporcle Settings to finish the process.

Report this User

Report this user for behavior that violates our Community Guidelines.

Details: